000 00540nam a2200193Ia 4500
003 GCL
008 140319s9999 xx 000 0 ara d
040 _aGCL /
_cGCL
082 0 4 _a246
_bم م
100 1 _aمحمد عمارة
245 1 0 _aالمعتزلة واصول الحكم /
_cمحمد عمارة
300 _a354 ص
490 _aكتاب الهلال
_v0
650 0 4 _aالاسلام
650 0 4 _aالفرق الاسلامية
650 0 4 _aالمعتزلة
650 0 4 _aالاسلام والسياسة
942 _2ddc
_cBK
999 _c47251
_d47251